Responses for show #1956 - Monday, February 22, 1993

1993 Teen Tournament semifinal game 1.

Contestants

Patricia Larash, a senior from Allentown, Pennsylvania

Fraser Woodford, a senior from Lexington, Kentucky

Anne Black, a junior from Frederick, Maryland

Jeopardy! Round responses

EXPLORERS
POP MUSIC
TRAVEL & TOURISM
AQUATIC ANIMALS
WEIGHTS & MEASURES
QUOTES
    $100 12
Lima

Fraser
    $100 8
(Bruce) Springsteen

Patricia
    $100 6
EPCOT

Fraser
    $100 1
octopus

Fraser
    $100 22
France

Patricia
    $100 18
Pennsylvania

Patricia
    $200 13
Amazon

Patricia
    $200 24
Vanilla Ice

Fraser
    $200 7
the Eiffel Tower

Anne
    $200 2
walrus

Fraser
    $200 23
mile

Anne
    $200 19
(Mikhail) Gorbachev

Anne
    $300 14
smoking

Anne
    $300 25
"Unforgettable"

Anne
    $300 9
(Patricia: What is Pisa?)
(Anne: What is Rome?)

Venice

AnnePatricia
Triple Stumper
    $300 3
bullfrog

Patricia
    $300 28
mercury

Fraser
    $300 15
the solution

Patricia
    $400 16
(Fraser: Who was Bering?)

James Cook

Fraser
Triple Stumper
    $500 26
[the "Symbol"]

Prince

Anne
    $400 10
Trafalgar Square

Patricia
    $400 4
(Patricia: What is a chicken?)
(Fraser: What is a turkey?)

duck

AnneFraserPatricia
    $400 29
horses

Fraser
    $400 20
Anne Frank

Patricia
    $500 17
Vasco da Gama

Triple Stumper
    $500 27
Dick Tracy

Anne
    $500 11
Amsterdam

Patricia
    $500 5
whales

Fraser
    $500 30
light year

Patricia
    $500 21
(Fraser: What is they will come?)

he will come

Fraser
Triple Stumper

Scores at the first commercial break (after clue 14):

Anne Fraser Patricia
$600 $600 $800

Scores at the end of the Jeopardy! Round:

Anne Fraser Patricia
$2,300 $600 $2,200

Double Jeopardy! Round responses

GENERAL SCIENCE
TEENS IN LITERATURE
U.S. HISTORY
SAINTS
ART
IN OTHER WORDS...
    $200 15
gravity

Anne
    $200 2
Scarlett O'Hara

Anne
    $200 1
(Anne: What is Hawaii?)

Alaska

AnnePatricia
    $200 18
cut it down

Patricia
    $200 23
the "Mona Lisa"

Patricia
    $200 11
fight fire with fire

Patricia
    $400 16
ozone layer

Patricia
    $400 3
(Rudyard) Kipling

Anne
    $400 7
FDR

Fraser
    $400 19
the cross

Patricia
    $400 24
still life

Anne
    $400 12
burn the midnight oil

Fraser
    $600 25
pea plant

Fraser
    $600 4
Robinson Crusoe

Fraser
    $600 8
the 18th Amendment (Prohibition)

Fraser
    $600 20
Christopher

Patricia
    $600 28
(Patricia: Who is Curr?)

(Nathaniel) Currier

FraserPatricia
    $600 13
a horse, a horse, my kingdom for a horse

Fraser
    $800 26
condensation

Fraser
    $1,200 5
The Count of Monte Cristo

Fraser
    $800 9
(Anne: What is Dred Scott vs. Ferguson?)

Dred Scott vs. Sanford

Anne
Triple Stumper
    $2,100 21
Lazarus

Patricia
    $800 29
pastels

Fraser
    $800 14
smart as a whip

Anne
    $1000 27
quarks

Fraser
    $1000 6
Of Human Bondage

Fraser
    $1000 10
Brown vs. Board of Education of Topeka, Kansas

Patricia
    $1000 22
Michael

Patricia
    $1000 30
(Pablo) Picasso

Fraser
    $1000 17
great (good) things come in small packages

Anne

Scores at the end of the Double Jeopardy! Round:

Anne Fraser Patricia
$4,300 $10,200 $7,900

[wagering suggestions for these scores]

Final Jeopardy! Round responses

MILITARY LEADERS
AnneWho is Colin Powell?
$4,300
PatriciaWho is Colin Powell?
$6,000
FraserWho is Colin Powell?
$5,601
Colin Powell

Final scores:

Anne Fraser Patricia
$8,600 $15,801 $13,900
3rd place: $5,000 Finalist 2nd place: $5,000

Game dynamics:

Coryat scores:

Anne Fraser Patricia
$4,200 $9,800 $6,600
14 R
(including 1 DD),
3 W
21 R
(including 1 DD),
3 W
20 R
(including 1 DD),
3 W

Combined Coryat: $20,600

The J! Archive is created by fans, for fans. The Jeopardy! game show and all elements thereof, including but not limited to copyright and trademark thereto, are the property of Jeopardy Productions, Inc. and are protected under law. This website is not affiliated with, sponsored by, or operated by Jeopardy Productions, Inc. Join the discussion at JBoard.tv.